00607 2200217 4500001002100000005001700021008004100038035002500079040001200104082001800116084002100134100002000155245007000175260003100245300002700276650002100303700001100324990001800335990001800353990001800371INLIS00000000001423120160113103119.0  a0010-091500000002744 aYOPDYOG 2[23]a297.431 aR 297.431bMuh K aMUHAMMAD THALIB aKarakteristik pernikahan Islamic/ Muhammad Thalib, editor tim Mu aYogyakartabMU Mediac2014 a262 hlm.; 21 cmc21 cm aPerkawinan Islam aTim MU a19722-PD/B.15 a19723-PD/B.15 a19724-PD/B.15